Open Data Biblioteca Nacional de Portugal


República Portuguesa: Ministério da Cultura
Biblioteca Nacional de Portugal

Catálogo da BNP: acesso por Identificadores Unívocos
Registos Bibliográficos associados ao registo de autoridade

Etiqueta de registo: 00254nam 2200025 450
001 2203600
003 http://id.bnportugal.gov.pt/bib/catbnp/2203600
010 ## $a978-989-53785-3-1
021 ## $aPT$b536106/24
100 ## $a20250124d2024 m y0pory01030103ba
101 0# $apor$afre$aeng
102 ## $aPT
105 ## $aa b 000yy
106 ## $ar
200 1# $aUrucum 2024$fLucia Bertazzo... [et al.]$gpartenaires Inês Coimbra$gtrad. Flávia Couto... [et al.]$gfot. Francisco Baccaro
210 #9 $aLisboa$c[s.n.],$d2024
215 ## $a81, [3] p.$cil.$d31 cm
305 ## $aEd. trilíngue em português, francês e inglês
675 ## $a655.41"20"(083.82)$vBN$zpor$31942945
675 ## $a7.038.5$vBN$zpor$31269894
700 #1 $aBertazzo,$bLucia$4070$31786932
702 #1 $aBaccaro,$bFrancisco$4600$31942529
702 #1 $aCouto,$bFlávia$4730$31942528
702 #1 $aCoimbra,$bInês$4070$31942525
801 #0 $aPT$bBN$gRPC
856 41 $uhttp://rnod.bnportugal.gov.pt/ImagesBN/winlibimg.aspx?skey=&doc=2203600&img=203892&save=true
900 ## $aBIBNAC$d20250214
966 ## $lBN$mFGMON$sS.A. 9384 A.$x1
971 ## $ccsilva$d20250124
972 ## $e0$z0$d20250214$vasantos
973 ## $cmlsousa$d20250129

Etiqueta de registo: 00254nam 2200025 450
001 2284455
003 http://id.bnportugal.gov.pt/bib/catbnp/2284455
010 ## $a978-989-53785-9-3
021 ## $aPT$b547115/25
100 ## $a20260415d2025 m y0pory01030103ba
101 0# $apor$aeng$afre
102 ## $aPT
105 ## $aa b 000yy
106 ## $ar
200 1# $aUrucum$eLisboa ;$aUQ!$eRio de Janeiro$fLucia Bertazzo, Sérgio Corrêa de Sampaio, Eudóxia Maria Bertazzo$gparceiros Inês Coimbra... [et al.]$gtrad. Leland Guyer... [et al.]$gfot. Bruno Veiga... [et al.]
210 #9 $aLisboa$c[s.n.],$d2025
215 ## $a93, [1] p.$cil.$d31 cm
305 ## $aEd. trilíngue em português, inglês e francês
517 1# $aUQ!$eRio de Janeiro
700 #1 $aBertazzo,$bLucia$4070$31786932
701 #0 $aSampaio,$bSérgio Corrêa de$4070$31995786
701 #1 $aBertazzo,$bEudóxia Maria$4070$31995787
702 #1 $aGuyer,$bLeland Robert,$f1946-$4730$3200369
702 #1 $aVeiga,$bBruno,$f1963-$4600$31485977
702 #1 $aCoimbra,$bInês$4070$31942525
801 #0 $aPT$bBN$gRPC
966 ## $lBN$mFGMON$x1
971 ## $cabrito$d20260415

Etiqueta de registo: 00254nam 2200025 450
001 2284768
003 http://id.bnportugal.gov.pt/bib/catbnp/2284768
010 ## $a978-989-36517-3-5
021 ## $aPT$b550170/25
100 ## $a20260420d2025 m y0pory01030103ba
101 0# $apor$aeng$afre
102 ## $aPT
105 ## $aa b 000yy
106 ## $ar
200 1# $aUrucum$eLisboa ;$aUQ!$eRio de Janeiro$fLucia Bertazzo... [et al.]$gparceiros Inês Coimbra... [et al.]$gtrad. Leland Guyer... [et al.]$gfot. Bruno Veiga... [et al.]
210 #9 $aLisboa$c[s.n.],$d2025
215 ## $a95, [1] p.$cil.$d31 cm
305 ## $aEd. trilíngue em português, inglês e francês
517 1# $aUQ!$eRio de Janeiro
700 #1 $aBertazzo,$bLucia$4070$31786932
702 #1 $aGuyer,$bLeland Robert,$f1946-$4730$3200369
702 #1 $aVeiga,$bBruno,$f1963-$4600$31485977
702 #1 $aCoimbra,$bInês$4070$31942525
801 #0 $aPT$bBN$gRPC
966 ## $lBN$mFGMON$x1
971 ## $ccsilva$d20260420

OpendataBNP@bnportugal.pt | Mais informação sobre acesso aos dados BNP